00286nam a2200109Ia 4500003000400000008004100004100001600045245005300061260003600114300000800150650001800158OSt191201s2016 xx 000 0 und d aJOHAR, K.L. 0aAjit Singh Rediscovered- An Exiled Revolutionary aNew delhibSneh Prakashanc2016 a384 aGeneral Books